Le Valbriant roman (Registro nro. 307735)

Detalles MARC
000 -ENCABEZADO
Número de control [NR] 01533nam a22003017a 4500
005 - FECHA Y HORA DE LA ÚLTIMA TRANSACCIÓN
control field 20171018133129.0
008 - DE LONGITUD FIJA DE DATOS DE ELEMENTOS - INFORMACIÓN GENERAL
Elementos de longitud fija [NR] 130821s1913 fr fr 1 fre
040 ## - FUENTE DE CATALOGACION [NR]
Agencia de catalogación original [NR] Co-BoUCM
Idioma de catalogación [NR] spa
Quien Cataloga Sandra Yazo
Quien Clasifica Sandra Yazo
041 0# - CODIGO DE IDIOMA [R]
Código de idioma para texto/pista de sonido o título separado [R] Francés
082 04 - NUMERO DE CLASIFICACION DECIMAL DEWEY [R]
Número de clasificación [R] 843
Número de la edición [NR] 20
092 ## - SIGNATURA TOPOGRAFICA LOCAL
Número de clasificación local E44N045
100 1# - ASIENTO PRINCIPAL--NOMBRE PERSONAL [NR]
Nombre personal [NR] Craven, Augustus
Títulos u otras palabras asociadas al nombre [R] Madame‏
Fechas asociadas con el nombre [NR] 1808-1891
ID Autoridad 87777
242 00 - TRADUCCION DEL TITULO POR LA AGENCIA CATALOGADORA [R]
Título [NR] Valbriant novela
Mención de responsabilidad, etc. [NR] por la Señora Augustus Craven
Nombre de la parte o sección [R] spa
245 10 - MENCION DE TITULO [NR]
Título [NR] Le Valbriant roman
Mención de responsabilidad, etc. [NR] par Mme Augustus Craven
260 ## - PUBLICACION, DISTRIBUCION, ETC. (PIE DE IMPRENTA) [R]
Lugar de publicación, distribución, etc. [R] París (Francia)
Nombre del editor, distribuidor, etc. [R] Librairie Académique. Perrin et Cie. [Librería Académica. Perrin y Compañía] ; Imprimerie de Lagny [Imprenta de Lagny]
Fecha de publicación, distribución, etc. [R] 1973
300 ## - DESCRIPCION FISICA [R]
Extensión [R] 323 páginas
Dimensiones [R] 18 x 11 cm
500 ## - NOTA GENERAL [R]
Nota general [NR] Detalles físicos: Encuadernación rígida (holandesa) en cartón duro forrado en papel jaspeado. Lomo en tela con adornos en dorado. Guardas. Anteportada. Portada impresa en una sola tinta. Texto impreso en una sola columna. Papel muy manchado
505 0# - NOTA DE CONTENIDO CON FORMATO PREESTABLECIDO [R]
Nota de contenido con formato preestablecido [NR] Capítulo 1 - 20
506 ## - NOTA DE RESTRICCIONES DE ACCESO [R]
Condiciones de acceso [NR] Consulta en sala
546 ## - NOTA DE IDIOMA [R]
Nota de idioma [NR] Texto en francés
586 ## - NOTA DE PREMIOS [R]
Nota de premios [NR] Ouvrage couronné par l’ Académie Française [Obra galardonada por la Academia Francesa]
650 #7 - ASIENTO SECUNDARIO DE MATERIA - TERMINO TEMATICO [R]
Término temático o nombre geográfico como elemento de entrada [NR] Novela francesa
9 (RLIN) 20506
650 #7 - ASIENTO SECUNDARIO DE MATERIA - TERMINO TEMATICO [R]
Término temático o nombre geográfico como elemento de entrada [NR] Literatura francesa
9 (RLIN) 7794
690 ## - ASUNTO AGREGADO LOCAL DE ENTRADA - TÉRMINO TEMÁTICO (OCLC, RLIN)
Acceso temático local Literatura europea
9 (RLIN) 26524
856 41 - LOCALIZACION Y ACCESO ELECTRONICOS [R]
Identificador Uniforme del Recurso (“URI”) [R] <a href="http://gallica.bnf.fr/ark:/12148/bpt6k5510413g.r=">http://gallica.bnf.fr/ark:/12148/bpt6k5510413g.r=</a>
Nota dirigida al público [R] Disponible en línea V.1 edición de 1866
856 41 - LOCALIZACION Y ACCESO ELECTRONICOS [R]
Identificador Uniforme del Recurso (“URI”) [R] <a href="http://gallica.bnf.fr/ark:/12148/bpt6k5510382c.r=">http://gallica.bnf.fr/ark:/12148/bpt6k5510382c.r=</a>
Nota dirigida al público [R] Disponible en línea V.2 edición de 1866
942 ## - ELEMENTOS DE ENTRADA AGREGADOS (KOHA)
Tipo de ítem principal el descrito en 300a Libro
Tema principal 18
Edición 1
Parte restante de la signatura top. C71
Sistema de clasificación LOCAL
Clasificación E44N045
Existencias
Suprimido Perdido Sistema de clasificación Dañado No prestable Tipo de ítem específico Ubicación habitual Ubicación actual Localización Fecha de creación Forma de adquisición Costo Total préstamos Signatura topográfica Código de barras Última vez visto Ejemplar Price effective from Tipo de ítem
    LOCAL     Libro archivo Archivo Histórico Archivo Histórico Archivo histórico 18/10/2017 Donación 0.00   E44N045 L006351 18/10/2017 Ej.1 18/10/2017 Libro